Statystyki dla Reprezentacje Grające na Mistrzostwach Świata 2018 w Rosji

Kliknij tutaj aby rozwiązać quiz!

Ogólne statystyki

  • Ten quiz został rozwiązany 2 583 razy
  • Średni wynik to 25 z 32

Statystyki odpowiedzi

% Poprawnych
Polska
99%
Japonia
97%
Rosja
97%
Hiszpania
96%
Francja
95%
Kolumbia
94%
Niemcy
94%
Portugalia
94%
Senegal
94%
Anglia
91%
Argentyna
91%
Brazylia
88%
Belgia
86%
Chorwacja
86%
Szwecja
83%
Urugwaj
79%
Arabia Saudyjska
77%
Egipt
77%
Korea Południowa
77%
Meksyk
76%
Szwajcaria
70%
Australia
69%
Islandia
69%
Dania
68%
Iran
65%
Maroko
65%
Nigeria
65%
Panama
65%
Peru
58%
Serbia
56%
Tunezja
52%
Kostaryka
51%

Rozkład punktacji

Percentyl według liczby udzielonych odpowiedzi

Procent ludzi z każdym wynikiem

Twoja historia wyników

Nie rozwiązałeś tego quizu